| 000 | 00460cam a2200181ua 4500 | ||
|---|---|---|---|
| 001 | 1982 | ||
| 008 | 110811n ii |||gr||||Z||||||eng | ||
| 040 | _cMAIN | ||
| 082 | _a370.54 | ||
| 100 |
_aBasu, Anathnath, _eAuthor. |
||
| 245 | 1 |
_aEducation in modern india _cby Anathnath Basu |
|
| 250 | _a1st. | ||
| 260 |
_aNew Delhi: _bCosmo Publication,992. |
||
| 300 |
_aii; 184p: _c23cm. |
||
| 653 | _aEducation | ||
| 653 | _aEducation in modern india | ||
| 942 | _cBK | ||
| 999 |
_c1854 _d1854 |
||